Dejiny Slovenska slovom i obrazom 2 /
Guardado en:
| Autores principales: | , , |
|---|---|
| Formato: | Libro |
| Lenguaje: | eslovaco |
| Publicado: |
Martin :
Osveta,
1981
|
| Etiquetas: |
Sin Etiquetas, Sea el primero en etiquetar este registro!
|
MARC
| LEADER | 00000nam a22000003a 4500 | ||
|---|---|---|---|
| 001 | stu269 | ||
| 005 | 20150617225704.6 | ||
| 008 | 910502s1981----cs------------------slo-d | ||
| 040 | |a STU |b slo | ||
| 041 | 0 | |a slo | |
| 044 | |a cs | ||
| 080 | |a 943.76 | ||
| 100 | 1 | |a Butvin, Jozef |4 aut | |
| 245 | 1 | |a Dejiny Slovenska slovom i obrazom 2 / |c [aut.] Butvin,J.; Kostický,B.; Vartíková,M | |
| 260 | |a Martin : |b Osveta, |c 1981 | ||
| 300 | |a 380 s | ||
| 700 | 1 | |a Kostický, Bohumír |4 aut | |
| 700 | 1 | |a Vartíková, Marta |4 aut | |
| 996 | |b E74384 |c E*74384 |l EE18 |s P |a 0 |w stu269_0001 | ||